000
00324nam a2200133Ia 4500
008
210215s9999 xx 000 0 und d
020
_a
9386943166
082
_a
615.5
_b
PAN-A
100
_a
PANDEY MEENU
245
2
_a
A PRACTICAL BOOK OF COMMUNICATION SKILLS
260
_b
NIRALI PRAKASHAN
300
_a
10.12
942
_c
BK
999
_c
33228
_d
33228